Countries Limp Bizkit has Visited - Statistics

General Stats
  • This quiz has been taken 91 times
    14 since last reset
  • The average score is 41 of 47
Answer Stats
Continent Country % Correct
South America Argentina
100%
Oceania Australia
100%
South America Brazil
100%
North America Canada
100%
South America Chile
100%
Europe Croatia
100%
Europe Estonia
100%
Europe Finland
100%
Europe France
100%
Europe Germany
100%
Europe Hungary
100%
Europe Norway
100%
Europe Portugal
100%
Asia/ Europe Russia
100%
Europe Slovakia
100%
Europe Spain
100%
Europe Sweden
100%
Europe United Kingdom
100%
North America United States of America
100%
Europe Belgium
91%
Europe Bulgaria
91%
Europe Czech Republic
91%
Europe Ireland
91%
Europe Italy
91%
Asia Japan
91%
North America Mexico
91%
Oceania New Zealand
91%
South America Peru
91%
Europe Poland
91%
Europe Romania
91%
Europe the Netherlands
91%
Asia/ Europe Turkey
91%
Europe Austria
82%
Europe Belarus
82%
Europe Denmark
82%
Europe Latvia
82%
Asia South Korea
82%
Europe Switzerland
82%
Europe Ukraine
82%
Asia Indonesia
64%
North America Jamaica
64%
Europe Lithuania
64%
North America Panama
55%
South America Paraguay
55%
Europe Luxembourg
45%
Asia Taiwan
45%
Asia United Arab Emirates
45%
No matching quizzes found
Score Distribution
Percent of People with Each Score
Percentile by Number Answered
Your Score History
You have not taken this quiz since the last reset